POLITICAL CSIENCE FOR LAW STUDENTS (Record no. 8441)

MARC details
000 -LEADER
fixed length control field 00440nam a22001817a 4500
005 - DATE AND TIME OF LATEST TRANSACTION
control field 20231101113001.0
008 - FIXED-LENGTH DATA ELEMENTS--GENERAL INFORMATION
fixed length control field 231101b |||||||| |||| 00| 0 eng d
020 ## - INTERNATIONAL STANDARD BOOK NUMBER
ISBN 978-93-95759-13-7
041 ## - LANGUAGE CODE
Language code of text/sound track or separate title eng
082 ## - DEWEY DECIMAL CLASSIFICATION NUMBER
Classification number 320
100 ## - MAIN ENTRY--AUTHOR NAME
Personal name MYNENI, DR. S.R.
245 ## - TITLE STATEMENT
Title POLITICAL CSIENCE FOR LAW STUDENTS
250 ## - EDITION STATEMENT
Edition statement 3RD, ED., 2008
260 ## - PUBLICATION, DISTRIBUTION, ETC. (IMPRINT)
Place of publication FARIDABAD
Name of publisher ALLAHABAD LAW AGENCY
300 ## - PHYSICAL DESCRIPTION
Number of Pages 608;p
650 ## - SUBJECT ADDED ENTRY--TOPICAL TERM
Topical Term LAW
942 ## - ADDED ENTRY ELEMENTS (KOHA)
Koha item type Books
Holdings
Lost status Damaged status Collection code Home library Current library Shelving location Date acquired Source of acquisition Cost, normal purchase price Full call number Accession Number Koha item type
    LAW JRU Library JRU Library SHELF-30-F 31/10/2023 PURCHASE [LBI] 575.00 320 28017 Books
    LAW JRU Library JRU Library   31/10/2023 PURCHASE [LBI] 575.00 320 28018 Books
    LAW JRU Library JRU Library SHELF-30-F 31/10/2023 PURCHASE [LBI] 575.00 320 28019 Books
    LAW JRU Library JRU Library SHELF-30-F 31/10/2023 PURCHASE [LBI] 575.00 320 28020 Books
    LAW JRU Library JRU Library SHELF-30-F 31/10/2023 PURCHASE [LBI] 575.00 320 28021 Books